[Event "Udine Oro Caffe op 3rd"]
[Site "Udine"]
[Date "2010.07.09"]
[Round "5"]
[White "Menon, Michele"]
[Black "Sialino, Roberto"]
[Result "1-0"]
[WhiteElo "1733"]
[BlackElo "1900"]
[PlyCount "87"]
[EventDate "2010.07.05"]
[EventType "swiss"]
[EventRounds "7"]
[EventCountry "ITA"]
[SourceTitle "EXT 2024"]
[Source "ChessBase"]
[SourceDate "2023.10.10"]
[SourceVersion "1"]
[SourceVersionDate "2023.10.10"]
[SourceQuality "1"]

1. Nf3 b6 2. d3 Bb7 3. g3 e6 4. Bg2 d5 5. Nbd2 Nf6 6. 0-0 Nbd7 7. Re1 Bd6 8. e4 dxe4 9. dxe4 Ng4 10. Nc4 Bc5 11. Ne3 Nxe3 12. Bxe3 Bxe4 13. Bxc5 Nxc5 14. b4 Qxd1 15. Raxd1 Bxc2 16. Rd2 Nd3 17. Rxc2 Nxe1 18. Nxe1 0-0-0 19. Bc6 a6 20. Nf3 Rd1+ 21. Kg2 f6 22. a4 Rhd8 23. h4 Rb1 24. Rc4 Ra1 25. b5 a5 26. Nd4 Rd6 27. Bf3 Ra2 28. Bg4 f5 29. Bh3 h6 30. Nxe6 Rdd2 31. Rf4 g6 32. Nf8 Rd6 33. Nxg6 Kb8 34. Bxf5 Rf6 35. Ne7 Rf7 36. Nc6+ Ka8 37. Rd4 Rf8 38. Be4 Rfxf2+ 39. Kh3 Rh2+ 40. Kg4 Rad2 41. Bd3 Kb7 42. Rd8 h5+ 43. Kxh5 Rxh4+ 44. gxh4 1-0

[Event "Udine Oro Caffe op 3rd"]
[Site "Udine"]
[Date "2010.07.08"]
[Round "4"]
[White "Sialino, Roberto"]
[Black "Capaliku, Aleks"]
[Result "0-1"]
[WhiteElo "1900"]
[BlackElo "2095"]
[PlyCount "65"]
[EventDate "2010.07.05"]
[EventType "swiss"]
[EventRounds "7"]
[EventCountry "ITA"]
[SourceTitle "EXT 2024"]
[Source "ChessBase"]
[SourceDate "2023.10.10"]
[SourceVersion "1"]
[SourceVersionDate "2023.10.10"]
[SourceQuality "1"]

1. e4 e5 2. Bc4 Nc6 3. Nf3 Bc5 4. c3 d6 5. d4 exd4 6. cxd4 Bb6 7. Nc3 Bg4 8. Qb3 Bxf3 9. Bxf7+ Kf8 10. Bxg8 Rxg8 11. gxf3 Nxd4 12. Qd1 Qf6 13. f4 Re8 14. Be3 Ne6 15. Qg4 Ba5 16. e5 dxe5 17. f5 Nd4 18. 0-0-0 Bxc3 19. bxc3 Nxf5 20. Bg5 Qe6 21. Qb4+ Nd6 22. f4 e4 23. f5 Qc4 24. Qa3 Qa6 25. Qc5 Qb6 26. Qd5 Qb5 27. Qd4 Qc4 28. Qe3 Qxa2 29. f6 g6 30. Bh6+ Kf7 31. Qc5 Qc4 32. Qe3 Re6 33. Rd4 0-1